000 00889nam a22003017a 4500
001 BR7310606
003 BR-BrBNA
005 20230928084211.0
007 ta
008 230509b bl.||||| |||| 00| 0 por d
040 _aBR-BrBNA
_bpor
_cBiblioteca Nacional de Agricultura
041 _a(Por)
072 _aF00; E15
_b9320
_b0230
_b/G514
090 _ 9320 BR7310606
100 1 _aPeixoto D.E.
110 1 _aBanco de Desenvolvimento do Parana S.A., Curitiba (Brasil)
_91089
245 1 _aAcucar producao e consumo do Parana [rendimento, custo de producao, capacidade instalada, cana de acucar, Brasil]
260 3 _aCuritiba, PR (Brasil):
_c1973.
300 _a20 p.
500 _a15 tables
650 _aACUCAR
650 _aCANA DE ACUCAR
650 _aCONSUMO
650 _aCUSTO DE PRODUCAO
650 _aPARANA
909 _a202309
_bLucia
_c55
_dLucia Elande
942 _cBK
999 _c17421
_d17421